Central Library OPAC University of Rajshahi

General lattice theory / (Record no. 6821)

MARC details
000 -LEADER
fixed length control field 00926cam a2200301 i 4500
001 - CONTROL NUMBER
control field 6821
003 - CONTROL NUMBER IDENTIFIER
rucl marc code BD-RjUL
005 - DATE AND TIME OF LATEST TRANSACTION
control field 20211208234324.0
008 - FIXED-LENGTH DATA ELEMENTS--GENERAL INFORMATION
fixed length control field 120114s1978 nyua b 001 0 eng
020 ## - INTERNATIONAL STANDARD BOOK NUMBER
International Standard Book Number 0122957504
035 ## - SYSTEM CONTROL NUMBER
System control number (BD-RjUL)6863
040 ## - CATALOGING SOURCE
Original cataloging agency DLC
Transcribing agency DLC
Modifying agency ICU
-- DLC
-- BD-RjUL
Language of cataloging eng
041 ## - LANGUAGE CODE
Language code of text/sound track or separate title eng
082 00 - DEWEY DECIMAL CLASSIFICATION NUMBER
Classification number 511.33
Author mark and year GRG
100 1# - MAIN ENTRY--PERSONAL NAME
Personal name Gratzer, George A.
9 (RLIN) 21321
245 10 - TITLE STATEMENT
Title General lattice theory /
Statement of responsibility, etc. by George Grätzer.
260 ## - PUBLICATION, DISTRIBUTION, ETC. (IMPRINT)
Place of publication, distribution, etc. New York :
Name of publisher, distributor, etc. Academic Press,
Date of publication, distribution, etc. 1c978.
300 ## - PHYSICAL DESCRIPTION
Pagination xiii, 381 p. :
Illustrations ill. ;
Size 25 cm.
490 1# - SERIES STATEMENT
Series statement Pure and applied mathematics : a series of monographs and textbooks ;
Volume/sequential designation 75
500 ## - GENERAL NOTE
General note Includes index.
504 ## - BIBLIOGRAPHY, ETC. NOTE
Bibliography, etc Bibliography: p., [316]-361.
650 #0 - SUBJECT ADDED ENTRY--TOPICAL TERM
Topical term or geographic name as entry element Lattice theory.
9 (RLIN) 20999
830 #0 - SERIES ADDED ENTRY--UNIFORM TITLE
Volume number/sequential designation 75.
Uniform title Pure and applied mathematics (Academic Press) ;
942 ## - ADDED ENTRY ELEMENTS (KOHA)
Source of classification or shelving scheme Dewey Decimal Classification
Koha item type Books
Holdings
Lost status Source of classification or shelving scheme Damaged status Not for loan Collection code Permanent Location Current Location Shelving location Date acquired Source of acquisition Cost, normal purchase price Total Checkouts Full call number Date last seen Copy number Koha item type
  Dewey Decimal Classification     Non-fiction Central Library, University of Rajshahi Central Library, University of Rajshahi   22/08/1983 Tulip 55.00   511.33 GRG 1978 12/01/2014 C-3 Books